[Event "SLO-ch U12 Girls"]
[Site "Murska Sobota"]
[Date "2006.03.01"]
[Round "6"]
[White "Skrlep, Liza"]
[Black "Zajc, Leja"]
[Result "0-1"]
[WhiteElo "1524"]
[BlackElo "1500"]
[PlyCount "78"]
[EventDate "2006.02.26"]
[EventType "swiss"]
[EventRounds "9"]
[EventCountry "SLO"]
[SourceTitle "EXT 2009"]
[Source "ChessBase"]
[SourceDate "2008.11.26"]
[SourceVersion "1"]
[SourceVersionDate "2008.11.26"]
[SourceQuality "1"]

1. e4 e5 2. Nf3 Nc6 3. Bc4 Bc5 4. 0-0 Nf6 5. Nc3 d6 6. h3 Nd4 7. d3 h6 8. Be3 c6 9. Re1 b5 10. Bb3 a5 11. a3 a4 12. Ba2 0-0 13. b4 Bb6 14. Nb1 c5 15. c3 Nc6 16. Bd5 Qe8 17. c4 Ba6 18. Nc3 cxb4 19. cxb5 Bxb5 20. Nxb5 Rb8 21. Rc1 Nxd5 22. exd5 Bxe3 23. Rxe3 Rxb5 24. dxc6 bxa3 25. c7 Qc8 26. Qxa4 Rb7 27. Qxa3 Rxc7 28. Rxc7 Qxc7 29. d4 Re8 30. Qb2 e4 31. Qb1 d5 32. Nd2 Rb8 33. Qa2 Qc6 34. f3 Qc1+ 35. Kh2 Rb2 36. Nb3 Qc2 37. Qa8+ Kh7 38. Kg3 Qxg2+ 39. Kf4 Qg5# 0-1

[Event "SLO-ch U12 Girls"]
[Site "Sentjur"]
[Date "2005.03.01"]
[Round "5"]
[White "Zajc, Leja"]
[Black "Vombek, Sara"]
[Result "1/2-1/2"]
[WhiteElo "1500"]
[BlackElo "1646"]
[PlyCount "49"]
[EventDate "2005.02.26"]
[EventType "tourn"]
[EventRounds "9"]
[EventCountry "SLO"]
[SourceTitle "CBM 105 Extra"]
[Source "ChessBase"]
[SourceDate "2005.05.01"]
[SourceVersion "1"]
[SourceVersionDate "2005.05.01"]
[SourceQuality "1"]

1. e4 c5 2. Nc3 d6 3. g3 Nc6 4. Bg2 g6 5. Nf3 Bg7 6. b3 e6 7. Bb2 Rb8 8. Rb1 Nf6 9. d4 Bd7 10. d5 Ne7 11. 0-0 0-0 12. dxe6 Bxe6 13. Ng5 Qd7 14. Nxe6 fxe6 15. Re1 d5 16. e5 Ne8 17. Ne2 Rd8 18. f4 Nf5 19. Qd3 d4 20. c3 dxc3 21. Qxd7 Rxd7 22. Bxc3 Rd3 23. Bxb7 Nc7 24. Be4 Rd7 25. Red1 1/2-1/2

[Event "SLO-ch U12 Girls"]
[Site "Sentjur"]
[Date "2005.02.28"]
[Round "3"]
[White "Zajc, Leja"]
[Black "Lubec, Tjasa"]
[Result "1/2-1/2"]
[WhiteElo "1500"]
[BlackElo "1513"]
[PlyCount "55"]
[EventDate "2005.02.26"]
[EventType "tourn"]
[EventRounds "9"]
[EventCountry "SLO"]
[SourceTitle "CBM 105 Extra"]
[Source "ChessBase"]
[SourceDate "2005.05.01"]
[SourceVersion "1"]
[SourceVersionDate "2005.05.01"]
[SourceQuality "1"]

1. e4 e5 2. Nf3 Nc6 3. Nc3 Bc5 4. Bb5 d6 5. Bxc6+ bxc6 6. d4 exd4 7. Nxd4 Bd7 8. 0-0 Nf6 9. Bg5 h6 10. Bh4 0-0 11. Re1 Qe7 12. a3 Rfe8 13. b4 Bb6 14. Nf3 Qe6 15. e5 dxe5 16. Rxe5 Qc4 17. Rxe8+ Bxe8 18. Bxf6 gxf6 19. Qd2 h5 20. Qd3 Qxd3 21. cxd3 a6 22. d4 Bd7 23. Ne4 Kg7 24. Nc5 Bxc5 25. dxc5 Rd8 26. Rd1 Kf8 27. h3 Ke7 28. Re1+ 1/2-1/2